000 01321nam a22002897a 4500
001 BRCA_9386
003 FranzMayer
005 20230918124352.0
008 230901b |||||||| |||| 00| 0 eng d
020 _a9709703072
040 _aMFM
_bESPAÑOL
_cMFM
050 0 _aNA2760.M6
_bB63 2004
100 1 _4Autor
_aBoari, Adamo
_929464
240 _aInforme preliminar para la construcción del Teatro Nacional México 1910 (Facsímil)
_hProyecto arquitectónico
_lEspañol
245 0 _aInforme preliminar para la construcción del Teatro Nacional México 1910 (Facsímil)
_bProyecto arquitectónico
260 _aMéxico
_bConaculta
_c2004
300 _a1 v
_bIlustraciones
_c22 cm
500 _aAnexo 1
500 _aEl material se compone de una caja protectora, la cual contiene un libro con planos, imágenes y diseños; así como un documento con varios planos arquitectónicos.
500 _aEl material contiene anotaciones en las primeras hojas
505 _aTexto en: españolDirigido a: arquitectos y personas con interés por la arquitectura
650 1 _2Arquitectura
_aDiseño
_vPlanos arquitectónicos
_929465
651 2 _2Arquitectura mexicana
_aMéxico
_vTeatro Nacional México
_929466
700 1 _4Textos
_aJuárez, Saúl
_929467
700 1 _4Textos
_aGuzmán, Xavier
_929468
942 _2lcc
_cB
999 _c11008
_d11008